Despertador christiano quadragesimal de sermones doctrinales, para todos los dias de la quaresma, con emissiones copiosas al despertador christiano de sermones enteros para los mismos dias / su autor el Ilustrissimo, y Reverendissimo Señor Don Joseph de Barcia y Zambrana, Obispo de Cadiz, y Algeciras, del Consejo de su Magestad, etc.

Detalles Bibliográficos
Autor principal: Barcia y Zambrana, José de, m. 1695
Formato: Libro
Lenguaje:Spanish
Publicado: en Madrid : por Juan de Ariztia ; a costa de Francisco Laso, merader de libros, 1727-
Edición:Corregida, y enmendada esta ultima impression
Materias:
Colección:Banco de datos
Acervo:Fondo Bibliográfico Antiguo de la Parroquia de Santa María de la Natividad de Atlixco. Puebla
Descripción Física:3 t. ; f°
Tema general:Homilética
Notas:Portada con orla y escudo del editor en grabado xilográfico. Encuadernación en pergamino. Marca de fuego: Sociedad de Jesús. Daños de polilla, humedad y en la encuadernación
LEADER 01082nam a22001810004500
035 |a 101 
041 0 |a spa 
100 1 |a Barcia y Zambrana, José de, m. 1695 
245 1 0 |a Despertador christiano quadragesimal de sermones doctrinales, para todos los dias de la quaresma, con emissiones copiosas al despertador christiano de sermones enteros para los mismos dias / su autor el Ilustrissimo, y Reverendissimo Señor Don Joseph de Barcia y Zambrana, Obispo de Cadiz, y Algeciras, del Consejo de su Magestad, etc. 
250 |a Corregida, y enmendada esta ultima impression 
260 |a en Madrid : por Juan de Ariztia ; a costa de Francisco Laso, merader de libros, 1727- 
300 |a 3 t. ; f° 
500 |a Portada con orla y escudo del editor en grabado xilográfico. Encuadernación en pergamino. Marca de fuego: Sociedad de Jesús. Daños de polilla, humedad y en la encuadernación 
650 1 0 |a Homilética 
949 |a t. 2 (156) 
942 |c ATLIXCO 
943 |g Fondo Bibliográfico Antiguo de la Parroquia de Santa María de la Natividad de Atlixco. Puebla 
999 |c 1100603  |d 1100603